Online
Catalog

Ley orgánica del Ministerio Público : (Record no. 35660)

MARC details
000 -CABECERA
campo de control de longitud fija 00892nam a2200229 a 4500
001 - NÚMERO DE CONTROL
campo de control 000036169
005 - FECHA Y HORA DE LA ÚLTIMA TRANSACCIÓN
campo de control 20250220114625.0
008 - DATOS DE LONGITUD FIJA--INFORMACIÓN GENERAL
campo de control de longitud fija 120110s2011 dr 001 0 spa d
040 ## - FUENTE DE LA CATALOGACIÓN
Centro catalogador/agencia de origen DO-SdBNP
Lengua de catalogación spa
Centro/agencia transcriptor BNPHU
082 ## - NÚMERO DE LA CLASIFICACIÓN DECIMAL DEWEY
Número de clasificación 352.293
Número de documento/Ítem R426L
110 1# - ENTRADA PRINCIPAL--NOMBRE DE ENTIDAD CORPORATIVA
Nombre de entidad corporativa o nombre de jurisdicción como elemento de entrada República Dominicana.
Unidad subordinada Ministerio Público
9 (RLIN) 62209
240 10 - TÍTULO UNIFORME
Título uniforme [Leyes, etc.]
245 10 - MENCIÓN DE TÍTULO
Título Ley orgánica del Ministerio Público :
Resto del título ley 133-11 G.O núm. 10621 del 9 de junio de 2011.
246 23 - FORMA VARIANTE DE TÍTULO
Título propio/Titulo breve Ley 133-11 G.O núm. 10621 del 9 de junio de 2011.
260 ## - PUBLICACIÓN, DISTRIBUCIÓN, ETC.
Lugar de publicación, distribución, etc. Santo Domingo :
Nombre del editor, distribuidor, etc. Escuela Nacional del Ministerio Público,
Fecha de publicación, distribución, etc. 2011.
300 ## - DESCRIPCIÓN FÍSICA
Extensión 98 p. ;
Dimensiones 18 cm.
590 ## - NOTA LOCAL (RLIN)
Nota local Inventariado,2018/DG
650 #4 - PUNTO DE ACCESO ADICIONAL DE MATERIA--TÉRMINO DE MATERIA
Término de materia o nombre geográfico como elemento de entrada Instituciones públicas
Subdivisión general Legislación
Subdivisión geográfica República Dominicana
9 (RLIN) 62210
651 #4 - PUNTO DE ACCESO ADICIONAL DE MATERIA--NOMBRE GEOGRÁFICO
Nombre geográfico República Dominicana
Subdivisión general Leyes
9 (RLIN) 16541
651 #4 - PUNTO DE ACCESO ADICIONAL DE MATERIA--NOMBRE GEOGRÁFICO
Nombre geográfico República Dominicana
Subdivisión general Ley 133-11
9 (RLIN) 62211
910 ## - DATOS DE OPCIÓN DEL USUARIO (OCLC)
Datos de opción del usuario Validado. Control de calidad EMS
Holdings
Estado de retiro Estado de pérdida Restricciones de uso No para préstamo Código de colección Localización permanente Ubicación/localización actual Ubicación en estantería Fecha de adquisición Número de inventario Total de préstamos Signatura topográfica completa Código de barras Fecha visto por última vez Número de copia Precio válido a partir de Tipo de ítem Koha
        Dominicana de Servicio General General Depósito 10.01.2012 LF1   352.293 R426L 36169-30 25.06.2020 e.3 25.06.2020 Libro y Folleto Colección Dominicana de Servicio
      Excluido de préstamo Patrimonio Dominicano Patrimonio Dominicano Patrimonio Dominicano Depósito 10.01.2012 LF1   352.293 R426L 36169-10 25.06.2020   25.06.2020 Libro y Folleto Colección Patrimonio Dominicano
      Excluido de préstamo Patrimonio Dominicano Patrimonio Dominicano Patrimonio Dominicano Depósito 10.01.2012 LF1   352.293 R426L 36169-20 25.06.2020 e 2 25.06.2020 Libro y Folleto Colección Patrimonio Dominicano

Powered by Koha